Zhodnotenie používania metód účtovania spotových transakcií s finančnými aktívami komerčnými bankami so sídlom na Slovensku diplomová práca

Enregistré dans:
Détails bibliographiques
Auteur principal: Antala, Matej
Collectivité auteur: Fakulta hospodárskej informatiky EU. Katedra účtovníctva a audítorstva
Autres auteurs: Kadlečíková, Oľga, 1973-
Format: Livre
Langue:slovaque
Publié: Bratislava 2025
Tags: Ajouter un tag
Pas de tags, Soyez le premier à ajouter un tag!

MARC

LEADER 00000nbm a2200000 4500
001 0310588
005 20251208115534.3
041 0 |a slo 
044 |a SK 
245 1 0 |a Zhodnotenie používania metód účtovania spotových transakcií s finančnými aktívami komerčnými bankami so sídlom na Slovensku  |b diplomová práca  |c Matej Antala ; školiteľ: Oľga Kadlečíková 
264 1 |a Bratislava  |c 2025 
300 |a 53 s. 
100 1 |a Antala, Matej 
700 1 |a Kadlečíková, Oľga, 1973- 
710 2 |a Fakulta hospodárskej informatiky EU. Katedra účtovníctva a audítorstva